|
|
|
|
| LEADER |
01176cam a2200265 a 4500 |
| 001 |
0000093402 |
| 005 |
20090622090000.0 |
| 040 |
|
|
|a mod
|
| 041 |
|
|
|a eng
|
| 020 |
0 |
0 |
|a 96797882021
|
| 090 |
0 |
0 |
|a 303.483309595
|b MAH
|e 2002
|
| 100 |
0 |
0 |
|a Mahathir bin Mohamad
|f Tun
|y 1925-
|
| 245 |
0 |
0 |
|a Mahathir Mohamad
|b a visionary & his vision of Malaysia's k-economy
|c edited by Ng Tieh Chuan with commentaries by David N. Abdulai
|
| 260 |
0 |
0 |
|a Subang Jaya
|b Pelanduk Publications
|c 2002
|
| 300 |
0 |
0 |
|a xiii, 245 p.
|c 23 cm
|
| 650 |
0 |
0 |
|a Knowledge management
|z Malaysia
|
| 650 |
0 |
0 |
|a Information technology
|x Economic aspects
|z Malaysia
|
| 650 |
0 |
0 |
|a Information technology
|x Government policy
|z Malaysia
|
| 700 |
1 |
1 |
|a Abdulai
|h David N
|
| 700 |
1 |
1 |
|a Ng
|h Tieh Chuan
|
| 852 |
0 |
0 |
|a 01
|
| 999 |
|
|
|a 1000004196
|b Maktab Pertahanan Angkatan Tentera
|d BOOKS
|e Umum
|f MPAT
|j AVAILABLE
|q GOOD CONDITION
|
| 999 |
|
|
|a 1000005777
|b Maktab Pertahanan Angkatan Tentera
|d BOOKS
|e Umum
|f MPAT
|j AVAILABLE
|q GOOD CONDITION
|
| 999 |
|
|
|a 1000009153
|b Maktab Pertahanan Angkatan Tentera
|d BOOKS
|e Umum
|f MPAT
|j AVAILABLE
|q GOOD CONDITION
|
| 999 |
|
|
|a 1000009163
|b Maktab Pertahanan Angkatan Tentera
|d BOOKS
|e Umum
|f MPAT
|j AVAILABLE
|q GOOD CONDITION
|